Statistics for Квиз о Непалу

Click here to take the quiz!

General Stats

  • This quiz has been taken 53 times
  • The average score is 11 of 20

Answer Stats

ОписОдговор% Correct
Највиши врх на светуМонт {Еверест}
100%
Државе са којима се граничиКина
95%
Планински венац који прекрива НепалХималаји
95%
Државе са којима се граничиИндија
88%
Природна катастрофа која је погодила Непал 2015.Земљотрес
79%
Религија коју практикује нешто преко 80% популацијеХиндуизам
76%
Главни градКатманду
71%
Најпопуларнији спортКрикет
71%
Застава Непала је једина државна застава која није...Правоугаона
69%
Митско биће за које неки верују да живи на ХималајимаЈети
67%
Ова личност, оснивач велике светске религије, се родила у јужном Непалу 480. године п.н.е.Буда
62%
Дугодлака планинска животиња налик на кравуЈак
52%
Државна валутаНепалска {Рупија}
26%
Уставом из 2008. године, укинута је...Монархија
24%
Етничка група чији припадници су изврсни планинариШерпаси
21%
Назив за непалског војника у британској армијиГурка
17%
Први људи који су се попели на врх изнадЕдмунд Хилари
17%
Први људи који су се попели на врх изнадТензинг Норгај
14%
Највећа политичка партијаКомунистичка Партија Непала
12%
Масивна планина у централном Непалу и 10. највиши врх светаАна{пурна}
7%

Score Distribution

Percentile by Number Answered

Percent of People with Each Score

Your Score History

You have not taken this quiz